| 000 | 01171nam a2200373 a 4500 | ||
|---|---|---|---|
| 001 | 4026 | ||
| 003 | FISKH | ||
| 005 | 20240614095623.0 | ||
| 008 | 980930s1998 nyua a 000 1 eng d | ||
| 010 | _a 99165909 | ||
| 020 | _a0590034804 (pbk.) : | ||
| 020 | _a9780590034807 | ||
| 035 | _a(OCoLC)39967291 | ||
| 035 | _a3812-91560 | ||
| 040 |
_aOCo _cOCo _dO _dDLC _beng |
||
| 042 |
_alccopycat _alcac |
||
| 050 | 0 | 0 |
_aPZ7.B7633 _bClwxe 1998 |
| 082 | 0 | 0 |
_a303 _221 |
| 100 | 1 | _aBridwell, Norman. | |
| 245 | 1 | 0 |
_aClifford's first snow day / _cNorman Bridwell. |
| 260 |
_aNew York : _bScholastic, _c1998. |
||
| 300 |
_a32 unnumbered pages : _bcolor illustrations ; _c21 cm |
||
| 500 | _aIn logo on cover: Clifford, the big red dog. | ||
| 505 | _aJ | ||
| 520 | _aWhen Clifford, the big red dog, is feeling sad, Emily Elizabeth and her friends do everything they can think of to cheer him up. | ||
| 521 | 8 |
_a440
_bLexile |
|
| 521 | 8 |
_aJ
_bRaz-Plus |
|
| 650 | 1 |
_aDogs _xFiction. |
|
| 650 | 1 |
_aAnimals _xInfancy _vFiction. |
|
| 650 | 1 |
_aSnow _vFiction. |
|
| 906 |
_a7 _bcbc _ccopycat _d3 _encip _f19 _gy-gencatlg |
||
| 942 |
_2ddc _cBK _n0 |
||
| 999 |
_c4026 _d4026 |
||